Tolkien's Legendarium Miscellany Quiz Stats

 Plays Quiz not verified by Sporcle

Support Sporcle.
Go Orange.
Score 0/57 Timer 08:00
0 Plays Today
% Correct
Saruman
93%
Gandalf
92.5%
Maedhros
86.9%
Vilya
83.6%
Curufin
83.5%
Nenya
83%
Radagast
81.8%
Narya
80.7%
Celegorm
80.1%
Maglor
80%
Amras
77.5%
Amrod
77.4%
Caranthir
75.7%
Pallando
70.2%
Beren
65.3%
Gate of Writhen Iron
65.1%
Gate of Gold
63.1%
Alatar
62.7%
Gate of Silver
62.5%
Longbeards
60.7%
Gate of Wood
60.7%
The ring of Barahir
54.1%
Gate of Stone
53.5%
Gate of Bronze
53.4%
House of the Fountain
52.8%
Gate of Steel
49.8%
House of the Golden Flower
48.3%
House of the Mole
39.8%
Firebeards
38.7%
% Correct
House of the Tree
36.7%
Gorlim
36.5%
House of the White Wing
35%
House of the King
33.6%
House of the Hammer of Wrath
31.8%
Broadbeams
28.7%
Belegund
28.4%
Baragund
28%
AranrĂșth, the sword of Thingol
25.2%
House of the Harp
24.9%
House of the Tower of Snow
24.8%
House of the Swallow
23.9%
Stonefoots
23.5%
Ironfists
22.2%
Dramborleg, the Axe of Tuor
22%
House of the Heavenly Arch
21.4%
House of the Pillar
20.6%
Gildor
20.5%
Dagnir
19.3%
Ragnor
18.3%
Blacklocks
18.2%
Stiffbeards
17.7%
Hathaldir
16.7%
The bow of Bregor
16.7%
Urthel
16.5%
Radhruin
15.7%
Arthad
15.3%
Dairuin
15.1%

You're not logged in!

Compare scores with friends on all Sporcle quizzes.
OR
Log In

From the Vault

MLB HoF Highest Voted by Position

by jmnyyankees10

Why do we sing 'Take Me Out To The Ball Game' when we are already there?
Remove Ads.
Support Sporcle.
Get the best of Sporcle when you Go Orange. This ad-free experience offers more features, more stats, and more fun while also helping to support Sporcle. Thank you for becoming a member.

Show Comments

Extras

Top Quizzes Today


Score Distribution

Your Account Isn't Verified!

In order to create a playlist on Sporcle, you need to verify the email address you used during registration. Go to your Sporcle Settings to finish the process.

Report this User

Report this user for behavior that violates our Community Guidelines.

Details: